Compound Words #3 - Statistics

General Stats
  • This quiz has been taken 49,218 times
    21,688 since last reset
  • The average score is 12 of 20
Answer Stats
Definition Word % Correct
Parent's parent Grandparent
100%
Cemetery Graveyard
82%
Device for opening a wine bottle Corkscrew
80%
Crime of threatening to publish damaging information unless demands are met Blackmail
79%
Six-point score in American football Touchdown
73%
Long intestinal parasite Tapeworm
72%
What a baby or small child sits in at the dinner table Highchair
69%
Structure that spans a moat Drawbridge
66%
Seaside pedestrian path made of wood Boardwalk
64%
Person who has seen a crime take place Eyewitness
61%
Coccyx Tailbone
60%
Insect called a locust when swarming Grasshopper
58%
Medieval weapon that fired bolts Crossbow
52%
Corporate recruiter or murderous trophy collector Headhunter
52%
Tube shaped animal that lives in soil, sometimes called a nightcrawler Earthworm
51%
Sedimentary rock made of calcium carbonate Limestone
48%
Small computer image used to preview a larger image Thumbnail
46%
Railway or flight schedule Timetable
41%
Troglodyte Caveman
31%
Military commander who rules an area in lieu of a functioning government Warlord
10%
No matching quizzes found
Score Distribution
Percent of People with Each Score
Percentile by Number Answered
Your Score History
You have not taken this quiz since the last reset